[Event "XXXVIII Torneo di Capodanno"]
[Site "Reggio nell'Emilia ITA"]
[Date "1995.12.27"]
[Round "1"]
[White "Azmaiparashvili, Zurab A."]
[Black "Belotti, Bruno"]
[Result "1-0"]
[WhiteElo "2620"]
[BlackElo "2380"]
[PlyCount "53"]
[EventDate "1995.12.27"]

1. d4 Nf6 2. c4 g6 3. Nc3 Bg7 4. e4 d6 5. Nf3 O-O 6. Be2 e5 7. O-O Nc6 8. d5
Ne7 9. b4 Nh5 10. c5 h6 11. Nd2 Nf4 12. Nc4 f5 13. f3 g5 14. Be3 Rf6 15. cxd6
cxd6 16. Nb5 b6 17. a4 Nxe2+ 18. Qxe2 f4 19. Bf2 Ba6 20. Rfc1 Rg6 21. Kh1 h5
22. Nxa7 Bxc4 23. Qxc4 Rxa7 24. a5 Ra8 25. axb6 Rb8 26. Qc7 Qe8 27. b7 1-0

[Event "XXXVIII Torneo di Capodanno"]
[Site "Reggio nell'Emilia ITA"]
[Date "1995.12.27"]
[Round "1"]
[White "Beliavsky, Alexander G."]
[Black "Vaganian, Rafael A."]
[Result "1-0"]
[WhiteElo "2650"]
[BlackElo "2645"]
[PlyCount "119"]
[EventDate "1995.12.27"]

1. d4 e6 2. c4 d5 3. Nc3 Be7 4. Nf3 Nf6 5. Bg5 O-O 6. e3 h6 7. Bh4 Ne4 8. Bxe7
Qxe7 9. cxd5 Nxc3 10. bxc3 exd5 11. Qb3 Rd8 12. c4 dxc4 13. Bxc4 Nc6 14. Qc3
Bg4 15. O-O Bxf3 16. gxf3 Qh4 17. Kh1 Rd6 18. Rg1 Ne7 19. Rg4 Qh5 20. Rag1 Rg6
21. Qb4 b5 22. Qxb5 Qxb5 23. Bxb5 Rb8 24. Bc4 Rxg4 25. fxg4 Rb2 26. Kg2 a5 27.
Rc1 a4 28. Rc3 Kf8 29. Ra3 Nc8 30. Bd5 Nb6 31. Bc6 Rb4 32. Rc3 Rb2 33. Be4 Rxa2
34. Rxc7 a3 35. Ra7 g5 36. Kf3 Kg7 37. Bf5 Kf8 38. Bd3 Ra1 39. Bc2 Nc4 40. Ke2
Ra2 41. Kd3 Nd6 42. Rd7 Ne4 43. f3 Ke8 44. Ra7 Nd6 45. e4 Ra1 46. e5 Nc8 47.
Ba4+ Kf8 48. Ra8 Kg7 49. Bb3 Ne7 50. Ra7 Kf8 51. Ra6 Ng6 52. Ra8+ Kg7 53. Ra7
Nf4+ 54. Ke4 a2 55. Kf5 Rf1 56. Rxf7+ Kh8 57. Bxa2 Rxf3 58. Rf8+ Kg7 59. Rf7+
Kh8 60. Ke4 1-0

[Event "XXXVIII Torneo di Capodanno"]
[Site "Reggio nell'Emilia ITA"]
[Date "1995.12.27"]
[Round "1"]
[White "Epishin, Vladimir V."]
[Black "Dautov, Rustem"]
[Result "1/2-1/2"]
[WhiteElo "2640"]
[BlackElo "2620"]
[PlyCount "82"]
[EventDate "1995.12.27"]

1. d4 Nf6 2. c4 e6 3. Nf3 b6 4. g3 Ba6 5. b3 Bb4+ 6. Bd2 Be7 7. Bg2 c6 8. Bc3
d5 9. Ne5 Ne4 10. O-O Nxc3 11. Nxc3 O-O 12. e4 dxc4 13. Nxc4 b5 14. Ne3 Nd7 15.
Qc2 c5 16. d5 Bf6 17. dxe6 fxe6 18. e5 Bxe5 19. Rad1 Bd4 20. b4 Rc8 21. bxc5
Nxc5 22. Ne2 e5 23. Nxd4 exd4 24. Bd5+ Kh8 25. Rxd4 Ne6 26. Bxe6 Qxd4 27. Bxc8
Bxc8 28. Rd1 Qf6 29. Nd5 Qf3 30. Rd3 Qe4 31. Qc5 Qf5 32. Rc3 Bb7 33. Nf4 Rd8
34. f3 Qb1+ 35. Kg2 Qxa2+ 36. Kh3 Qf7 37. Qxb5 Bc8+ 38. Kg2 Qa2+ 39. Qe2 Qxe2+
40. Nxe2 a5 41. Rc5 a4 1/2-1/2

[Event "XXXVIII Torneo di Capodanno"]
[Site "Reggio nell'Emilia ITA"]
[Date "1995.12.27"]
[Round "1"]
[White "Godena, Michele"]
[Black "Razuvaev, Yuri S."]
[Result "1/2-1/2"]
[WhiteElo "2420"]
[BlackElo "2585"]
[PlyCount "43"]
[EventDate "1995.12.27"]

1. e4 c6 2. d4 d5 3. Nc3 dxe4 4. Nxe4 Nd7 5. Bc4 Ngf6 6. Ng5 e6 7. Qe2 Nb6 8.
Bd3 h6 9. N5f3 c5 10. dxc5 Bxc5 11. Ne5 Nbd7 12. Ngf3 Qc7 13. O-O O-O 14. Bf4
Bd6 15. Rfe1 Nc5 16. Rad1 b6 17. c3 Bb7 18. Bc2 Rfd8 19. Rd4 a5 20. Red1 Bxf3
21. Qxf3 Nd5 22. Nd3 1/2-1/2

[Event "XXXVIII Torneo di Capodanno"]
[Site "Reggio nell'Emilia ITA"]
[Date "1995.12.28"]
[Round "2"]
[White "Belotti, Bruno"]
[Black "Godena, Michele"]
[Result "0-1"]
[WhiteElo "2380"]
[BlackElo "2420"]
[PlyCount "78"]
[EventDate "1995.12.27"]

1. e4 e5 2. Nf3 Nc6 3. c3 Nf6 4. d3 g6 5. b4 d6 6. Be2 Bg7 7. O-O O-O 8. Re1
Nh5 9. b5 Nb8 10. d4 a6 11. bxa6 Nxa6 12. Nbd2 Nf4 13. Bf1 Re8 14. Rb1 Qf6 15.
g3 Nh3+ 16. Bxh3 Bxh3 17. Rxb7 Bg4 18. Kg2 exd4 19. cxd4 c5 20. h3 Bc8 21. Rb6
cxd4 22. e5 Qe6 23. exd6 Qxh3+ 24. Kg1 Rxe1+ 25. Qxe1 Qe6 26. Qe4 Qxe4 27. Nxe4
Bf5 28. Nfd2 Nb8 29. Nc5 d3 30. Bb2 Bxb2 31. Rxb2 Nd7 32. Nxd7 Bxd7 33. Ne4 Bc6
34. f3 Rd8 35. Kf2 Bxe4 36. fxe4 Rxd6 37. Ke3 Ra6 38. Kd2 Ra3 39. g4 Kg7 0-1

[Event "XXXVIII Torneo di Capodanno"]
[Site "Reggio nell'Emilia ITA"]
[Date "1995.12.29"]
[Round "3"]
[White "Azmaiparashvili, Zurab A."]
[Black "Dautov, Rustem"]
[Result "1-0"]
[WhiteElo "2620"]
[BlackElo "2620"]
[PlyCount "61"]
[EventDate "1995.12.27"]

1. d4 Nf6 2. Nf3 e6 3. g3 b5 4. Nbd2 Bb7 5. Nb3 Na6 6. e3 Rb8 7. a4 b4 8. Bd3
c5 9. Qe2 Qb6 10. e4 Be7 11. Bf4 O-O 12. Ne5 cxd4 13. a5 Qc7 14. Ng6 d6 15.
Nxe7+ Qxe7 16. Bxa6 Bxe4 17. f3 Bb7 18. Bxb7 Rxb7 19. O-O-O e5 20. Bg5 h6 21.
Bxf6 Qxf6 22. f4 Rc7 23. Rhe1 Rfc8 24. Rd2 Qf5 25. Kb1 f6 26. Qd3 Qd7 27. Qe4
Qc6 28. Qg6 Qf3 29. Rde2 Qd5 30. g4 Qf3 31. Nxd4 1-0

[Event "XXXVIII Torneo di Capodanno"]
[Site "Reggio nell'Emilia ITA"]
[Date "1995.12.29"]
[Round "3"]
[White "Epishin, Vladimir V."]
[Black "Vaganian, Rafael A."]
[Result "1-0"]
[WhiteElo "2640"]
[BlackElo "2645"]
[PlyCount "123"]
[EventDate "1995.12.27"]

1. d4 d5 2. c4 e6 3. Nc3 Be7 4. Nf3 Nf6 5. Bg5 O-O 6. e3 h6 7. Bh4 Ne4 8. Bxe7
Qxe7 9. Rc1 c6 10. Bd3 Nxc3 11. Rxc3 dxc4 12. Bxc4 Nd7 13. O-O b6 14. Qe2 a5
15. Rfc1 Bb7 16. h3 c5 17. Bb5 e5 18. dxe5 Nxe5 19. Nxe5 Qxe5 20. Rd1 Rfd8 21.
Rcd3 Rxd3 22. Rxd3 Bd5 23. a4 Be6 24. Qd2 Qc7 25. Rd6 Kf8 26. e4 Ke7 27. Rc6
Qd8 28. Qc3 Kf8 29. e5 Rb8 30. f4 Qd1+ 31. Kh2 Qd5 32. Rd6 Qe4 33. Qd2 g5 34.
Rxe6 fxe6 35. Qd6+ Kf7 36. Qxb8 Qxf4+ 37. Kg1 Qe3+ 38. Kf1 Qc1+ 39. Kf2 Qd2+
40. Kf3 Qf4+ 41. Ke2 Qe4+ 42. Kd2 Qxg2+ 43. Kc1 Qh1+ 44. Kc2 Qe4+ 45. Kd2 Qf4+
46. Kd1 Qd4+ 47. Kc1 Qe3+ 48. Kb1 Qe4+ 49. Ka2 Qd5+ 50. Ka3 Qf3+ 51. Ka2 Qd5+
52. Ka3 Qf3+ 53. b3 Qd1 54. Qe8+ Kg7 55. Qe7+ Kh8 56. Qf8+ Kh7 57. Qe7+ Kh8 58.
Qe8+ Kg7 59. Qd7+ Qxd7 60. Bxd7 Kf7 61. Kb2 h5 62. Kc3 1-0

[Event "XXXVIII Torneo di Capodanno"]
[Site "Reggio nell'Emilia ITA"]
[Date "1995.12.29"]
[Round "3"]
[White "Godena, Michele"]
[Black "Chernin, Alexander M."]
[Result "1/2-1/2"]
[WhiteElo "2420"]
[BlackElo "2600"]
[PlyCount "85"]
[EventDate "1995.12.27"]

1. e4 d6 2. d4 Nf6 3. Nc3 g6 4. Nf3 Bg7 5. h3 O-O 6. Be3 a6 7. a4 d5 8. exd5
Nxd5 9. Nxd5 Qxd5 10. c3 b6 11. Be2 Bb7 12. O-O e6 13. Ne1 Qd8 14. Bf3 Qc8 15.
Bxb7 Qxb7 16. Qf3 Qxf3 17. Nxf3 Nc6 18. Bf4 Rac8 19. Ne5 Bxe5 20. Bxe5 f6 21.
Bg3 Kf7 22. Rfe1 Rfe8 23. Rad1 Ne7 24. Rd3 Nf5 25. Bf4 g5 26. Bc1 h5 27. g4
hxg4 28. hxg4 Nd6 29. Kg2 Rh8 30. Rh3 Rxh3 31. Kxh3 Nc4 32. Kg3 b5 33. axb5
axb5 34. Rh1 Kg6 35. Re1 Re8 36. f4 gxf4+ 37. Kxf4 c6 38. Kf3 Kf7 39. Rh1 Kg6
40. Rh6+ Kg7 41. Rh2 Kg6 42. Rh6+ Kg7 43. Rh2 1/2-1/2

[Event "XXXVIII Torneo di Capodanno"]
[Site "Reggio nell'Emilia ITA"]
[Date "1995.12.29"]
[Round "3"]
[White "Razuvaev, Yuri S."]
[Black "Belotti, Bruno"]
[Result "1-0"]
[WhiteElo "2585"]
[BlackElo "2380"]
[PlyCount "51"]
[EventDate "1995.12.27"]

1. d4 Nf6 2. Nf3 g6 3. g3 Bg7 4. Bg2 O-O 5. O-O d6 6. h3 Nbd7 7. d5 Nb6 8. Nc3
e6 9. e4 exd5 10. exd5 Re8 11. Nd4 Bd7 12. a4 Re5 13. Nf3 Nfxd5 14. Nxe5 Nxc3
15. Nxf7 Nxd1 16. Nxd8 Nxb2 17. a5 Rxd8 18. axb6 axb6 19. Ra7 Be6 20. Rxb7 Rc8
21. Re1 Kf7 22. h4 Bf5 23. Bd5+ Kf8 24. Bg5 h6 25. Be7+ Ke8 26. Bc6+ 1-0

[Event "XXXVIII Torneo di Capodanno"]
[Site "Reggio nell'Emilia ITA"]
[Date "1995.12.30"]
[Round "4"]
[White "Beliavsky, Alexander G."]
[Black "Azmaiparashvili, Zurab A."]
[Result "1-0"]
[WhiteElo "2650"]
[BlackElo "2620"]
[PlyCount "65"]
[EventDate "1995.12.27"]

1. d4 Nf6 2. c4 g6 3. Nc3 d5 4. Nf3 Bg7 5. Qb3 dxc4 6. Qxc4 O-O 7. e4 Na6 8.
Be2 c5 9. d5 e6 10. O-O exd5 11. exd5 Bf5 12. Be3 Re8 13. Rad1 Qb6 14. d6 Be6
15. Qb5 h6 16. Ne5 Red8 17. Nc4 Qxb5 18. Nxb5 Nd5 19. Bc1 Ndb4 20. a3 Nc2 21.
Na5 Rd7 22. Bf4 g5 23. Bg3 f5 24. Bd3 Nd4 25. Rfe1 Kf7 26. Be5 Bxe5 27. Rxe5 b6
28. Rde1 c4 29. Nxc4 Nxb5 30. Rxe6 Nd4 31. Re7+ Rxe7 32. dxe7 Ne6 33. e8=Q+ 1-0

[Event "XXXVIII Torneo di Capodanno"]
[Site "Reggio nell'Emilia ITA"]
[Date "1995.12.30"]
[Round "4"]
[White "Dautov, Rustem"]
[Black "Godena, Michele"]
[Result "1/2-1/2"]
[WhiteElo "2620"]
[BlackElo "2420"]
[PlyCount "55"]
[EventDate "1995.12.27"]

1. d4 d5 2. c4 c6 3. Nf3 Nf6 4. Qc2 dxc4 5. Qxc4 Bf5 6. Nc3 e6 7. g3 Nbd7 8.
Bg2 Be7 9. O-O O-O 10. e3 Ne4 11. Qe2 Qa5 12. Bd2 Nxd2 13. Nxd2 Qb6 14. Nc4 Qa6
15. Rfc1 Rfd8 16. Bf1 Nb6 17. Ne5 Qxe2 18. Bxe2 Nd7 19. Nc4 c5 20. Bf3 cxd4 21.
exd4 Rab8 22. Nb5 Nf6 23. Nxa7 Rxd4 24. Nb5 Rdd8 25. Rd1 Nd5 26. g4 Bc2 27. Rd2
Ba4 28. Nca3 1/2-1/2

[Event "XXXVIII Torneo di Capodanno"]
[Site "Reggio nell'Emilia ITA"]
[Date "1995.12.30"]
[Round "4"]
[White "Vaganian, Rafael A."]
[Black "Belotti, Bruno"]
[Result "1/2-1/2"]
[WhiteElo "2645"]
[BlackElo "2380"]
[PlyCount "73"]
[EventDate "1995.12.27"]

1. Nf3 Nf6 2. c4 e6 3. g3 d5 4. Bg2 Be7 5. O-O O-O 6. d4 Nbd7 7. Qc2 c6 8. b3
b6 9. Nc3 Bb7 10. Rd1 Rc8 11. e4 dxe4 12. Ng5 h6 13. Ngxe4 Nxe4 14. Nxe4 Nf6
15. Bf4 Nh5 16. Bc1 Nf6 17. Be3 Nxe4 18. Qxe4 Rc7 19. Qg4 Bg5 20. f4 Bf6 21. f5
exf5 22. Qxf5 Re8 23. Bf2 Rd7 24. Qf4 Re2 25. Kf1 Rxf2+ 26. Qxf2 Bxd4 27. Rxd4
Rxd4 28. Re1 Rd1 29. Bf3 Qd3+ 30. Kg2 Rxe1 31. Qxe1 Kf8 32. Qe5 Qd2+ 33. Kg1
Qc1+ 34. Kf2 Qd2+ 35. Kg1 Qc1+ 36. Kf2 Qd2+ 37. Kg1 1/2-1/2

[Event "XXXVIII Torneo di Capodanno"]
[Site "Reggio nell'Emilia ITA"]
[Date "1995.12.31"]
[Round "5"]
[White "Azmaiparashvili, Zurab A."]
[Black "Epishin, Vladimir V."]
[Result "1/2-1/2"]
[WhiteElo "2620"]
[BlackElo "2640"]
[PlyCount "55"]
[EventDate "1995.12.27"]

1. d4 Nf6 2. Nf3 e6 3. c4 b6 4. a3 Bb7 5. Nc3 d5 6. cxd5 Nxd5 7. Qa4+ Qd7 8.
Qc2 Nxc3 9. bxc3 Be7 10. e4 O-O 11. Bd3 c5 12. O-O Qc8 13. Qe2 Ba6 14. a4 Bxd3
15. Qxd3 Rd8 16. Bf4 Qb7 17. a5 Nc6 18. axb6 cxd4 19. cxd4 axb6 20. Rxa8 Rxa8
21. Rd1 Rd8 22. Qb1 Nb4 23. Rd2 Ra8 24. Rb2 Ra4 25. Bd2 Qa8 26. Qd1 Ra1 27. Rb1
Rxb1 28. Qxb1 1/2-1/2

[Event "XXXVIII Torneo di Capodanno"]
[Site "Reggio nell'Emilia ITA"]
[Date "1995.12.31"]
[Round "5"]
[White "Belotti, Bruno"]
[Black "Chernin, Alexander M."]
[Result "1/2-1/2"]
[WhiteElo "2380"]
[BlackElo "2600"]
[PlyCount "117"]
[EventDate "1995.12.27"]

1. e4 d6 2. d4 Nf6 3. Nc3 g6 4. Nf3 Bg7 5. Be2 O-O 6. O-O Nc6 7. d5 Nb8 8. h3
e5 9. dxe6 Bxe6 10. Bg5 h6 11. Bh4 Nc6 12. Re1 a6 13. a4 Re8 14. Qd2 g5 15. Bg3
d5 16. exd5 Nxd5 17. Nxd5 Qxd5 18. Bd3 Rac8 19. Rad1 Qc5 20. c3 Red8 21. Qe2
Bb3 22. Bc2 Rxd1 23. Rxd1 Bxc2 24. Qxc2 b5 25. axb5 axb5 26. Qe4 b4 27. h4 bxc3
28. bxc3 Ne7 29. hxg5 hxg5 30. Rd7 Ng6 31. Qb7 Re8 32. Rxc7 Qf5 33. Qb6 Rd8 34.
Qc5 Rd5 35. Qe3 Rd1+ 36. Ne1 Be5 37. Rc5 Qb1 38. Kf1 Bf4 39. Bxf4 gxf4 40. Qe2
f3 41. gxf3 Qc1 42. Rc8+ Kg7 43. Re8 Qd2 44. Qxd2 Rxd2 45. c4 Nf4 46. Re3 Kf6
47. Re4 Kg5 48. c5 f5 49. Re8 Rd7 50. Ng2 Nxg2 51. Kxg2 Rd1 52. c6 Rc1 53. Re6
Kf4 54. Rd6 Kg5 55. Kg3 Rg1+ 56. Kh2 Rc1 57. Re6 Kf4 58. Kg2 Kg5 59. Rd6
1/2-1/2

[Event "XXXVIII Torneo di Capodanno"]
[Site "Reggio nell'Emilia ITA"]
[Date "1995.12.31"]
[Round "5"]
[White "Godena, Michele"]
[Black "Beliavsky, Alexander G."]
[Result "1/2-1/2"]
[WhiteElo "2420"]
[BlackElo "2650"]
[PlyCount "143"]
[EventDate "1995.12.27"]

1. e4 e5 2. Nf3 Nc6 3. Nc3 Nf6 4. d4 exd4 5. Nxd4 Bb4 6. Nxc6 bxc6 7. Bd3 d6 8.
O-O Ng4 9. Be2 Ne5 10. Na4 O-O 11. a3 Ba5 12. b4 Bb6 13. c4 Qe7 14. Bb2 Rb8 15.
Qd2 c5 16. bxc5 dxc5 17. Nc3 Ba5 18. Nd5 Qd6 19. Qc2 c6 20. Rad1 f6 21. f4 cxd5
22. fxe5 Qb6 23. Rb1 d4 24. Bxd4 Qc7 25. Rxb8 cxd4 26. Qb3 d3 27. c5+ Kh8 28.
Bxd3 Qxe5 29. Qb2 Qxc5+ 30. Kh1 Qd6 31. Rb3 Bc7 32. e5 Qxe5 33. Qxe5 Bxe5 34.
Bf5 Bxf5 35. Rxf5 Rc8 36. Rf1 Rc4 37. Rd1 h6 38. Rb7 a6 39. Ra7 Ra4 40. Rd3 Bb2
41. g3 Rxa3 42. Rdd7 f5 43. Rd5 Kh7 44. Rxf5 Kg6 45. Rd5 Bf6 46. Ra8 Ra1+ 47.
Kg2 Ra2+ 48. Kh3 Ra3 49. Rh8 Bg5 50. Rd6+ Bf6 51. Rd5 Bg5 52. Rd6+ Bf6 53. Ra8
h5 54. Rdxa6 Rxa6 55. Rxa6 Kf7 56. Ra7+ Kg8 57. Ra5 g6 58. Ra7 Kf8 59. Kg2 Kg8
60. Kf3 Kf8 61. Ke4 Kg8 62. Kd5 Bc3 63. Ke6 Bb2 64. Rb7 Bc3 65. h3 Ba1 66. Rb5
Kg7 67. Rg5 Bc3 68. h4 Be1 69. Ke7 Bf2 70. Kd6 Kf7 71. Kd5 Be3 72. Re5 1/2-1/2

[Event "XXXVIII Torneo di Capodanno"]
[Site "Reggio nell'Emilia ITA"]
[Date "1995.12.31"]
[Round "5"]
[White "Razuvaev, Yuri S."]
[Black "Dautov, Rustem"]
[Result "1/2-1/2"]
[WhiteElo "2585"]
[BlackElo "2620"]
[PlyCount "73"]
[EventDate "1995.12.27"]

1. d4 Nf6 2. c4 e6 3. g3 d5 4. Nf3 dxc4 5. Bg2 Nc6 6. Qa4 Nd7 7. Qxc4 Nb6 8.
Qd3 e5 9. Nxe5 Nb4 10. Qc3 Qxd4 11. O-O Qxc3 12. Nxc3 Bd6 13. Nf3 Bd7 14. a3
N4d5 15. Nxd5 Nxd5 16. Nd4 c6 17. Rd1 Rd8 18. Bxd5 cxd5 19. Bf4 Bxf4 20. gxf4
Ke7 21. Rd3 Rc8 22. Rad1 Kf6 23. Kg2 Rc7 24. R1d2 h6 25. Nc2 Rxc2 26. Rxc2 Bf5
27. Rc7 Bxd3 28. exd3 Rb8 29. Kf3 g5 30. b4 a6 31. a4 Ke6 32. h3 f6 33. a5 Kf5
34. Rd7 Ke6 35. Rh7 b6 36. Rxh6 gxf4 37. Rh7 1/2-1/2

[Event "XXXVIII Torneo di Capodanno"]
[Site "Reggio nell'Emilia ITA"]
[Date "1996.01.02"]
[Round "6"]
[White "Beliavsky, Alexander G."]
[Black "Razuvaev, Yuri S."]
[Result "1/2-1/2"]
[WhiteElo "2650"]
[BlackElo "2585"]
[PlyCount "70"]
[EventDate "1995.12.27"]

1. d4 Nf6 2. c4 e6 3. Nc3 Bb4 4. e3 O-O 5. Bd3 c5 6. Nf3 d5 7. O-O dxc4 8. Bxc4
Nbd7 9. Qb3 a6 10. a4 Qe7 11. Rd1 Nb6 12. Be2 cxd4 13. exd4 h6 14. Bf4 Nbd5 15.
Bg3 b6 16. Bh4 Nf4 17. Bf1 Bb7 18. Ne5 g5 19. Bg3 N4h5 20. Nc4 Nxg3 21. hxg3
Rab8 22. Ne3 Rfd8 23. Bc4 a5 24. Re1 Qf8 25. Rad1 Rbc8 26. Re2 Rc7 27. d5 exd5
28. Ncxd5 Bxd5 29. Nxd5 Nxd5 30. Rxd5 Rxd5 31. Bxd5 Re7 32. Rc2 Bc5 33. Qf3
Re1+ 34. Kh2 Qe7 35. Bc4 Kg7 1/2-1/2

[Event "XXXVIII Torneo di Capodanno"]
[Site "Reggio nell'Emilia ITA"]
[Date "1996.01.02"]
[Round "6"]
[White "Dautov, Rustem"]
[Black "Belotti, Bruno"]
[Result "1-0"]
[WhiteElo "2620"]
[BlackElo "2380"]
[PlyCount "81"]
[EventDate "1995.12.27"]

1. d4 Nf6 2. Nf3 g6 3. c4 Bg7 4. g3 O-O 5. Bg2 c6 6. O-O d5 7. b3 a5 8. Nc3 Ne4
9. Bb2 a4 10. Nxa4 dxc4 11. Ne5 cxb3 12. axb3 Bxe5 13. dxe5 Nd2 14. Re1 Be6 15.
Nc5 Rxa1 16. Qxa1 Nxb3 17. Nxe6 fxe6 18. Qa3 Qb6 19. e3 Qa5 20. Rb1 Qxa3 21.
Bxa3 Na5 22. Bb4 b6 23. Bxe7 Re8 24. Rxb6 Rxe7 25. Rxb8+ Kf7 26. f4 Rc7 27. Bf1
c5 28. Rb5 Nb7 29. Kf2 Ke7 30. h4 Kd7 31. Rb6 Nd8 32. Bc4 Ke7 33. Ra6 Rb7 34.
Ke2 Rb2+ 35. Kd3 Rb7 36. Kc3 Kd7 37. g4 Ke7 38. e4 Rc7 39. Bb5 Rb7 40. Kc4 Rc7
41. f5 1-0

[Event "XXXVIII Torneo di Capodanno"]
[Site "Reggio nell'Emilia ITA"]
[Date "1996.01.03"]
[Round "7"]
[White "Chernin, Alexander M."]
[Black "Dautov, Rustem"]
[Result "1-0"]
[WhiteElo "2600"]
[BlackElo "2620"]
[PlyCount "119"]
[EventDate "1995.12.27"]

1. Nf3 Nf6 2. c4 e6 3. Nc3 Bb4 4. g3 O-O 5. Bg2 d5 6. Qb3 c5 7. a3 Bxc3 8. Qxc3
b6 9. b4 Nbd7 10. O-O Ba6 11. d3 Rc8 12. cxd5 Nxd5 13. Qb2 c4 14. dxc4 Bxc4 15.
Re1 N5f6 16. Be3 Bd5 17. Bd4 Qc7 18. Bf1 Qc2 19. Rac1 Qxb2 20. Bxb2 Ne4 21.
Red1 Nd6 22. Nd2 f5 23. f3 Nf6 24. g4 Ba8 25. Be5 Rcd8 26. gxf5 Nxf5 27. Nc4
Rxd1 28. Rxd1 b5 29. Nd6 Ne3 30. Rc1 Nxf1 31. Bxf6 gxf6 32. Kxf1 a6 33. Rc7 Rd8
34. Nf7 Rd1+ 35. Kf2 Bd5 36. Nh6+ Kf8 37. Ng4 f5 38. Ne3 Ra1 39. Nxd5 exd5 40.
Rd7 Rxa3 41. Rxd5 Ke7 42. Rxf5 Ra4 43. Rf4 a5 44. Re4+ Kd6 45. bxa5 Rxa5 46.
Ke3 Kc5 47. Re7 Ra3+ 48. Kf4 Ra2 49. e4 Rxh2 50. e5 Rh6 51. Kf5 b4 52. e6 Kc6
53. Rd7 Rh5+ 54. Kf6 b3 55. Rd3 b2 56. e7 Rh6+ 57. Kf7 b1=Q 58. e8=Q+ Kc5 59.
Qe5+ Kc6 60. Qe4+ 1-0

[Event "XXXVIII Torneo di Capodanno"]
[Site "Reggio nell'Emilia ITA"]
[Date "1996.01.04"]
[Round "8"]
[White "Azmaiparashvili, Zurab A."]
[Black "Godena, Michele"]
[Result "1/2-1/2"]
[WhiteElo "2620"]
[BlackElo "2420"]
[PlyCount "222"]
[EventDate "1995.12.27"]

1. e4 e5 2. Nf3 Nc6 3. d4 exd4 4. Nxd4 Nge7 5. Be3 Nxd4 6. Qxd4 Nc6 7. Qd2 Bb4
8. c3 Ba5 9. Na3 Bb6 10. Nc4 Bxe3 11. Nxe3 d6 12. Bd3 O-O 13. f4 a5 14. O-O a4
15. Rae1 Ra5 16. Rf3 Re8 17. Nd5 Ne7 18. c4 c6 19. Nxe7+ Rxe7 20. Bf1 Bg4 21.
Rd3 Rd7 22. h3 Be6 23. Rd1 g5 24. f5 Bxc4 25. Rg3 Bxf1 26. Rxg5+ Kh8 27. Rg3 f6
28. Rxf1 Re5 29. Rf4 Rg7 30. Rd3 Qe7 31. Rd4 d5 32. Rxa4 dxe4 33. Qe3 Qc5 34.
Qxc5 Rxc5 35. Raxe4 Rc2 36. Rf2 Rc1+ 37. Kh2 Rd7 38. Rfe2 Kg7 39. Re8 Kf7 40.
Rh8 Kg7 41. Ree8 Kh6 42. Reg8 Rg7 43. Rxg7 Kxg7 44. Rc8 b5 45. Rc7+ Kg8 46. b4
Rc4 47. a3 Rc3 48. Kg1 h5 49. Kf2 Kf8 50. Ke2 Ke8 51. Kf2 Kf8 52. Kf1 Kg8 53.
Ke2 Kf8 54. Rh7 Rxa3 55. Rxh5 Ra2+ 56. Kf3 Ra3+ 57. Kg4 Kg7 58. Rh4 c5 59. bxc5
Ra4+ 60. Kh5 Rxh4+ 61. Kxh4 Kf7 62. c6 Ke8 63. g4 b4 64. g5 fxg5+ 65. Kxg5 b3
66. f6 b2 67. c7 Kd7 68. f7 b1=Q 69. f8=Q Qg1+ 70. Kh5 Kxc7 71. Qe7+ Kc6 72. h4
Qd1+ 73. Kg6 Qd3+ 74. Kg7 Kb5 75. Qe5+ Kb4 76. h5 Qd7+ 77. Kf8 Qc8+ 78. Ke7
Qb7+ 79. Kf6 Qf3+ 80. Kg5 Qg2+ 81. Kh4 Qh1+ 82. Kg4 Qd1+ 83. Kg5 Qg1+ 84. Kf5
Qd1 85. Qf4+ Kc3 86. h6 Qd7+ 87. Kg6 Qe8+ 88. Kg5 Qe7+ 89. Kg4 Qd7+ 90. Kg3 Qh7
91. Qd6 Kb2 92. Kf4 Qf7+ 93. Ke3 Qb3+ 94. Kd4 Qc2 95. Kd5 Qd3+ 96. Kc5 Qh7 97.
Kb6 Kb1 98. Qf6 Qd3 99. Qf4 Qb3+ 100. Ka5 Qd5+ 101. Kb4 Qb7+ 102. Ka3 Qa6+ 103.
Kb3 Qe6+ 104. Kc3 Qc6+ 105. Kd3 Qc2+ 106. Kd4 Qb2+ 107. Kc5 Qc2+ 108. Kb5 Qe2+
109. Ka5 Qh5+ 110. Kb4 Qg6 111. Qb8 Qxh6 1/2-1/2

[Event "XXXVIII Torneo di Capodanno"]
[Site "Reggio nell'Emilia ITA"]
[Date "1996.01.04"]
[Round "8"]
[White "Beliavsky, Alexander G."]
[Black "Chernin, Alexander M."]
[Result "1/2-1/2"]
[WhiteElo "2650"]
[BlackElo "2600"]
[PlyCount "69"]
[EventDate "1995.12.27"]

1. e4 d6 2. d4 Nf6 3. Nc3 g6 4. f3 c6 5. Be3 b5 6. g4 Bg7 7. Qd2 h5 8. gxh5
Nxh5 9. Nge2 Nd7 10. Rg1 Qc7 11. Ng3 Bb7 12. O-O-O a6 13. f4 b4 14. Nxh5 Rxh5
15. Ne2 c5 16. Ng3 Rh7 17. Rg2 Qa5 18. Kb1 Nb6 19. f5 g5 20. Rf2 cxd4 21. f6
Bxf6 22. Bxd4 Bxd4 23. Qxd4 Qc5 24. Qd2 e6 25. Bd3 O-O-O 26. Rdf1 Rd7 27. e5
dxe5 28. Qxg5 f5 29. Qg8+ Kc7 30. Qxe6 f4 31. Bxh7 fxg3 32. hxg3 Rxh7 33. Rf7+
Rxf7 34. Qxf7+ Nd7 35. g4 1/2-1/2

[Event "XXXVIII Torneo di Capodanno"]
[Site "Reggio nell'Emilia ITA"]
[Date "1996.01.05"]
[Round "9"]
[White "Chernin, Alexander M."]
[Black "Epishin, Vladimir V."]
[Result "1/2-1/2"]
[WhiteElo "2600"]
[BlackElo "2640"]
[PlyCount "30"]
[EventDate "1995.12.27"]

1. d4 Nf6 2. c4 e6 3. Nf3 d5 4. Nc3 Be7 5. cxd5 exd5 6. Bg5 c6 7. Qc2 g6 8. e3
Bf5 9. Bd3 Bxd3 10. Qxd3 Nbd7 11. O-O O-O 12. Rab1 a5 13. a3 Re8 14. Rfc1 Ne4
15. Bf4 Bd6 1/2-1/2

[Event "XXXVIII Torneo di Capodanno"]
[Site "Reggio nell'Emilia ITA"]
[Date "1996.01.05"]
[Round "9"]
[White "Godena, Michele"]
[Black "Vaganian, Rafael A."]
[Result "1/2-1/2"]
[WhiteElo "2420"]
[BlackElo "2645"]
[PlyCount "123"]
[EventDate "1995.12.27"]

1. e4 e6 2. d4 d5 3. Nd2 c5 4. Ngf3 Nc6 5. exd5 exd5 6. Bb5 Bd6 7. dxc5 Bxc5 8.
O-O Nge7 9. Nb3 Bd6 10. Bxc6+ bxc6 11. Qd4 O-O 12. Bf4 Nf5 13. Qa4 Be6 14. Bxd6
Qxd6 15. Qa5 Rfb8 16. Qc3 a5 17. Rfd1 c5 18. Ng5 a4 19. Nc1 Nd4 20. Nxe6 fxe6
21. Re1 Qb6 22. Rb1 c4 23. Ne2 Nb5 24. Qg3 Rf8 25. Nf4 Rf6 26. Qg4 Raf8 27.
Rxe6 Rxe6 28. Qxe6+ Qxe6 29. Nxe6 Rb8 30. Rd1 a3 31. bxa3 Re8 32. Ng5 Nc3 33.
Ra1 Re2 34. Rc1 Nxa2 35. Rb1 Kf8 36. f4 Rxc2 37. Rb7 Re2 38. Kf1 Nc3 39. f5 Re7
40. Rb8+ Re8 41. Ne6+ Ke7 42. Rxe8+ Kxe8 43. Nxg7+ Ke7 44. Ne6 h5 45. Kf2 Kf6
46. Nd4 Ke5 47. Ke3 Nd1+ 48. Kd2 Nb2 49. g3 Na4 50. Ke3 Nb2 51. Kd2 Na4 52. Ke3
Nb2 53. h3 Nd1+ 54. Ke2 Nc3+ 55. Ke3 Nd1+ 56. Kf3 Nc3 57. Ne2 Nb1 58. a4 Nd2+
59. Ke3 Nb3 60. g4 hxg4 61. hxg4 d4+ 62. Nxd4 1/2-1/2

[Event "XVI Memorial Edoardo Crespi A"]
[Site "Milano ITA"]
[Date "1995.12.??"]
[Round "?"]
[White "Masotti, Roberto"]
[Black "Zacco, Remo"]
[Result "1-0"]
[WhiteElo "1552"]
[BlackElo "1719"]
[PlyCount "113"]
[EventDate "1995.12.07"]

1. e4 e5 2. Nc3 Nc6 3. Bc4 Nf6 4. d3 Be7 5. f4 exf4 6. Bxf4 d6 7. Nf3 Bg4 8. h3
Bxf3 9. Qxf3 Ne5 10. Bxe5 dxe5 11. Qg3 O-O 12. Qxe5 Bd6 13. Qg5 h6 14. Qh4 Be5
15. O-O Qd6 16. Nb5 Qc5+ 17. Qf2 Qxf2+ 18. Kxf2 Nh5 19. d4 Bg3+ 20. Kf3 c6 21.
Nc3 g6 22. e5 Bh4 23. Ne4 Be7 24. g4 Ng7 25. Kg2 Ne6 26. c3 b5 27. Bb3 a5 28.
Rxf7 Kxf7 29. Rf1+ Kg7 30. Bxe6 Rxf1 31. Kxf1 Ra7 32. Ke2 Bf8 33. Nf6 Be7 34.
Bd7 Bxf6 35. exf6+ Kxf6 36. Bxc6 b4 37. c4 Rc7 38. Bd5 Re7+ 39. Kd2 Rd7 40. Kd3
Ke7 41. Ke4 Rd8 42. Ke5 Rf8 43. Be4 Rf2 44. b3 g5 45. c5 Rxa2 46. c6 Re2 47. d5
Rd2 48. c7 Kd7 49. d6 Re2 50. Kd5 Rd2+ 51. Kc5 Rf2 52. Bc6+ Kc8 53. Kb6 Rd2 54.
Bb7+ Kd7 55. c8=Q+ Kxd6 56. Qd8+ Ke5 57. Qxd2 1-0

[Event "XVI Memorial Edoardo Crespi Magistrale"]
[Site "Milano ITA"]
[Date "1995.12.??"]
[Round "1"]
[White "Bellini, Fabio"]
[Black "Barberi, Alessandro"]
[Result "1-0"]
[WhiteElo "2350"]
[BlackElo "2029"]
[PlyCount "41"]
[EventDate "1995.12.07"]

1. d4 Nf6 2. Nf3 g6 3. Bf4 Bg7 4. e3 O-O 5. h3 d6 6. Be2 Nbd7 7. O-O c5 8. c3
b6 9. a4 Bb7 10. a5 a6 11. axb6 Qxb6 12. Nbd2 d5 13. Qb3 c4 14. Qxb6 Nxb6 15.
b3 cxb3 16. Rfb1 Rfc8 17. Nxb3 Nc4 18. Nbd2 Bc6 19. Nxc4 dxc4 20. Ne5 Bb5 21.
Bf3 1-0